[Event "Dueville op-B 1st"]
[Site "Dueville"]
[Date "2023.06.04"]
[Round "4"]
[White "Marson, Luca"]
[Black "Gennari, Leone"]
[Result "1-0"]
[WhiteElo "1737"]
[BlackElo "1753"]
[PlyCount "139"]
[EventDate "2023.06.01"]
[EventType "swiss"]
[EventRounds "5"]
[EventCountry "ITA"]
[SourceTitle "EXT 2024"]
[Source "ChessBase"]
[SourceDate "2023.10.10"]
[SourceVersion "1"]
[SourceVersionDate "2023.10.10"]
[SourceQuality "1"]

1. e4 e6 2. d3 d5 3. Nd2 c5 4. Ngf3 Nc6 5. g3 Bd6 6. Bg2 Nge7 7. 0-0 0-0 8. Re1 d4 9. e5 Bc7 10. a4 Rb8 11. Nc4 a6 12. Bg5 h6 13. Bxe7 Nxe7 14. a5 Nd5 15. Nfd2 b5 16. axb6 Nxb6 17. Nxb6 Bxb6 18. Nc4 Bc7 19. b3 Qd7 20. f4 Qb5 21. Ra4 Bb7 22. Bxb7 Qxb7 23. Kf2 Ra8 24. Qf3 Qb5 25. Qe4 Ra7 26. Rea1 Rfa8 27. g4 Qd7 28. h4 g6 29. Rh1 Kg7 30. Raa1 Qd5 31. Qf3 a5 32. Ra4 Rf8 33. g5 h5 34. Rha1 Rfa8 35. Nd2 Kf8 36. Ne4 Bb6 37. Nf6 Qxf3+ 38. Kxf3 Ke7 39. Ne4 Kd7 40. Nd6 Kc6 41. Ke4 Rc7 42. Rc4 Rca7 43. Rca4 Bd8 44. Nc4 Bc7 45. Nb2 Bb6 46. Rc4 Rd8 47. Na4 Rda8 48. Rc1 Rc8 49. c3 dxc3 50. R1xc3 Rac7 51. d4 Kb5 52. d5 exd5+ 53. Kxd5 Rd8+ 54. Ke4 Rd1 55. Rd3 Re1+ 56. Kf3 Rh1 57. Kg3 Re1 58. Nc3+ Ka6 59. Rd6 Ka7 60. Nb5+ Kb7 61. Nxc7 Kxc7 62. Rd3 Kc6 63. Kf3 Rh1 64. Ke4 Re1+ 65. Re3 Rh1 66. e6 fxe6 67. Ke5 Rf1 68. Kf6 e5 69. Rxe5 a4 70. bxa4 1-0

[Event "Dueville op-B 1st"]
[Site "Dueville"]
[Date "2023.06.03"]
[Round "3"]
[White "Franchin, Matteo"]
[Black "Marson, Luca"]
[Result "0-1"]
[WhiteElo "1601"]
[BlackElo "1737"]
[PlyCount "78"]
[EventDate "2023.06.01"]
[EventType "swiss"]
[EventRounds "5"]
[EventCountry "ITA"]
[SourceTitle "EXT 2024"]
[Source "ChessBase"]
[SourceDate "2023.10.10"]
[SourceVersion "1"]
[SourceVersionDate "2023.10.10"]
[SourceQuality "1"]

1. e4 c5 2. d4 cxd4 3. c3 dxc3 4. Nxc3 e6 5. Nf3 a6 6. Bc4 b5 7. Bb3 Bb7 8. 0-0 Be7 9. Re1 Nf6 10. e5 Ng4 11. h3 Nh6 12. Ne4 Nf5 13. g4 Bxe4 14. Rxe4 Nh4 15. Nxh4 Bxh4 16. f4 Be7 17. Be3 Nc6 18. Qf3 Na5 19. f5 Nxb3 20. axb3 0-0 21. f6 gxf6 22. Bh6 Qb6+ 23. Kh1 Rfc8 24. exf6 Bd6 25. Rd1 Rc2 26. Bf4 Bf8 27. Re2 Rac8 28. Rxc2 Rxc2 29. Qa8 d5 30. Bh6 Qd6 31. Qxf8+ Qxf8 32. Bxf8 Kxf8 33. Ra1 Rc6 34. Kg2 h6 35. Kf3 e5 36. Rd1 Rxf6+ 37. Ke3 Rd6 38. Rc1 Ke7 39. Rc7+ Ke6 0-1

[Event "Dueville op-B 1st"]
[Site "Dueville"]
[Date "2023.06.03"]
[Round "2"]
[White "Marson, Luca"]
[Black "Marongiu, Achille"]
[Result "1-0"]
[WhiteElo "1737"]
[BlackElo "1616"]
[PlyCount "65"]
[EventDate "2023.06.01"]
[EventType "swiss"]
[EventRounds "5"]
[EventCountry "ITA"]
[SourceTitle "EXT 2024"]
[Source "ChessBase"]
[SourceDate "2023.10.10"]
[SourceVersion "1"]
[SourceVersionDate "2023.10.10"]
[SourceQuality "1"]

1. e4 c5 2. Nf3 d6 3. d4 cxd4 4. Nxd4 Nf6 5. Nc3 a6 6. Bc4 g6 7. Bb3 Bg7 8. f3 0-0 9. Be3 Nc6 10. Qd2 Bd7 11. 0-0-0 Rc8 12. h4 Ne5 13. Kb1 Nc4 14. Bxc4 Rxc4 15. h5 Qc7 16. hxg6 fxg6 17. g4 b5 18. Bh6 Nxe4 19. Nxe4 Rxd4 20. Qh2 Rxd1+ 21. Rxd1 Bxh6 22. Qxh6 Rf7 23. Ng5 Rg7 24. Rh1 Qc4 25. Nxh7 Be6 26. b3 Qd5 27. Ng5 Kf8 28. Nh7+ Kg8 29. Ng5 Kf8 30. Nxe6+ Qxe6 31. Qd2 Qf6 32. Qd5 Rf7 33. Qa8+ 1-0

[Event "Santa Maria di Sala op-B 29th"]
[Site "Santa Maria di Sala"]
[Date "2022.12.10"]
[Round "3"]
[White "Marson, Luca"]
[Black "Tosetto, Francesco"]
[Result "0-1"]
[WhiteElo "1781"]
[BlackElo "1534"]
[PlyCount "56"]
[EventDate "2022.12.09"]
[EventType "swiss"]
[EventRounds "5"]
[EventCountry "ITA"]
[SourceTitle "EXT 2024"]
[Source "ChessBase"]
[SourceDate "2023.10.10"]
[SourceVersion "1"]
[SourceVersionDate "2023.10.10"]
[SourceQuality "1"]

1. e4 e5 2. Nf3 Nc6 3. Bb5 Bc5 4. c3 a6 5. Ba4 Nf6 6. 0-0 d6 7. d4 exd4 8. cxd4 Ba7 9. Nc3 b5 10. Bb3 Bg4 11. Be3 0-0 12. a3 Re8 13. Qd2 Na5 14. Bc2 Nc4 15. Qc1 h6 16. b3 Nxe3 17. Qxe3 c5 18. dxc5 dxc5 19. Rad1 Qa5 20. Nd5 Nxd5 21. Rxd5 Qxa3 22. Re5 Rxe5 23. Nxe5 Qb2 24. Nxg4 Qxc2 25. Qf3 Re8 26. e5 Qg6 27. Rd1 Qe6 28. Rd6 Qxd6 0-1

[Event "Veneto-ch qf 80th"]
[Site "Sottomarina"]
[Date "2021.06.05"]
[Round "2.9"]
[White "Marson, Luca"]
[Black "Rossato, Armando"]
[Result "1/2-1/2"]
[WhiteElo "1831"]
[BlackElo "2061"]
[PlyCount "22"]
[EventDate "2021.06.04"]
[EventType "swiss"]
[EventRounds "5"]
[EventCountry "ITA"]
[SourceTitle "EXT 2024"]
[Source "ChessBase"]
[SourceDate "2023.10.10"]
[SourceVersion "1"]
[SourceVersionDate "2023.10.10"]
[SourceQuality "1"]

1. e4 e5 2. Nf3 Nc6 3. Bb5 f5 4. Nc3 d6 5. d4 exd4 6. Qxd4 Bd7 7. Qd3 fxe4 8. Nxe4 Nf6 9. Bg5 Be7 10. 0-0 0-0 11. Bxf6 Bxf6 1/2-1/2

[Event "Bassano del Grappa op 10"]
[Site "Bassano del Grappa"]
[Date "2020.10.25"]
[Round "4"]
[White "Marson, Luca"]
[Black "Sunder, Matteo"]
[Result "1-0"]
[WhiteElo "1846"]
[BlackElo "1861"]
[PlyCount "81"]
[EventDate "2020.10.23"]
[EventType "swiss"]
[EventRounds "5"]
[EventCountry "ITA"]
[SourceTitle "EXT 2022"]
[Source "ChessBase"]
[SourceDate "2021.10.06"]
[SourceVersion "1"]
[SourceVersionDate "2021.10.06"]
[SourceQuality "1"]

1. e4 c5 2. Nf3 d6 3. d4 cxd4 4. Nxd4 Nf6 5. Nc3 a6 6. Bc4 e6 7. Bb3 Be7 8. f4 0-0 9. Qf3 Qc7 10. Be3 b5 11. f5 b4 12. Na4 e5 13. Ne2 Nbd7 14. g4 Bb7 15. Ng3 Qc6 16. 0-0-0 Rac8 17. g5 Nxe4 18. f6 gxf6 19. Nf5 Nxg5 20. Nxe7+ Kh8 21. Qxc6 Bxc6 22. Rhg1 Nf3 23. Rg3 Be4 24. Bh6 Rg8 25. Nxc8 Rxc8 26. Bg7+ Kg8 27. Bxf6+ Kf8 28. Rxd6 Nd4 29. Rxd7 Ne2+ 30. Kd2 Nxg3 31. hxg3 Ke8 32. Re7+ Kf8 33. Rxf7+ Ke8 34. Re7+ Kf8 35. Rxe5 Bg6 36. Rd5 Rc6 37. Rd8+ Be8 38. Bh4 h5 39. Bd5 Rc7 40. Nb6 Rg7 41. Bc6 1-0

[Event "Bassano del Grappa op 10"]
[Site "Bassano del Grappa"]
[Date "2020.10.24"]
[Round "2"]
[White "Marson, Luca"]
[Black "Trangoni, Bruno"]
[Result "1/2-1/2"]
[WhiteElo "1846"]
[BlackElo "1933"]
[PlyCount "87"]
[EventDate "2020.10.23"]
[EventType "swiss"]
[EventRounds "5"]
[EventCountry "ITA"]
[SourceTitle "EXT 2022"]
[Source "ChessBase"]
[SourceDate "2021.10.06"]
[SourceVersion "1"]
[SourceVersionDate "2021.10.06"]
[SourceQuality "1"]

1. e4 g6 2. d4 Bg7 3. Nc3 d6 4. Be3 a6 5. Nf3 b5 6. a3 Nd7 7. Be2 Bb7 8. 0-0 e5 9. dxe5 dxe5 10. Nd2 Ngf6 11. f3 0-0 12. Nb3 Rc8 13. Qe1 c5 14. Rd1 Qc7 15. Qf2 c4 16. Nc1 Rfe8 17. N1a2 Bf8 18. Nb4 Bc5 19. Nbd5 Bxe3 20. Qxe3 Nxd5 21. Nxd5 Qc5 22. Qxc5 Rxc5 23. Nc3 Rc7 24. Rd2 Nc5 25. Rfd1 Kg7 26. Kf2 Ree7 27. g3 Rcd7 28. Nd5 Bxd5 29. Rxd5 Rxd5 30. Rxd5 Na4 31. b3 cxb3 32. cxb3 Nc3 33. Rc5 Nxe2 34. Kxe2 Kf6 35. Kd3 Rd7+ 36. Kc2 Ke6 37. Kc3 h5 38. Rc6+ Rd6 39. Rxd6+ Kxd6 40. Kb4 Kc6 41. Ka5 Kb7 42. Kb4 Kb6 43. Kc3 Kc5 44. b4+ 1/2-1/2

[Event "Treviso op-A 3rd"]
[Site "Treviso"]
[Date "2019.03.30"]
[Round "3.13"]
[White "Passon, Stefano"]
[Black "Marson, Luca"]
[Result "1-0"]
[WhiteElo "1728"]
[BlackElo "1806"]
[PlyCount "81"]
[EventDate "2019.03.29"]
[EventType "swiss"]
[EventRounds "5"]
[EventCountry "ITA"]
[SourceTitle "EXT 2024"]
[Source "ChessBase"]
[SourceDate "2023.10.10"]
[SourceVersion "1"]
[SourceVersionDate "2023.10.10"]
[SourceQuality "1"]

1. d4 Nf6 2. Nf3 g6 3. Nc3 Bg7 4. e4 d6 5. Be3 c6 6. Qd2 b5 7. Bd3 a6 8. Bh6 Bxh6 9. Qxh6 Nbd7 10. e5 dxe5 11. dxe5 Ng4 12. Qg7 Rf8 13. h3 Ngxe5 14. Nxe5 Nxe5 15. Qxe5 Qd6 16. Qxd6 exd6 17. Ne4 Ke7 18. 0-0-0 d5 19. Ng5 h6 20. Rhe1+ Be6 21. Nxe6 fxe6 22. f3 g5 23. Re5 Kd6 24. Rde1 Rf6 25. b4 a5 26. a3 axb4 27. axb4 Ra1+ 28. Kb2 Rxe1 29. Rxe1 e5 30. Ra1 Rf4 31. Kc3 e4 32. fxe4 dxe4 33. Bf1 Ke5 34. Re1 h5 35. Be2 h4 36. Rf1 Rxf1 37. Bxf1 Kf4 38. Kd4 e3 39. Be2 Kg3 40. Kxe3 Kxg2 41. Bg4 1-0

[Event "Ottavi Province-ch 79th"]
[Site "Mestre"]
[Date "2019.01.27"]
[Round "5"]
[White "Vianello, Viviana Sofia"]
[Black "Marson, Luca"]
[Result "1/2-1/2"]
[WhiteElo "1391"]
[BlackElo "1833"]
[PlyCount "100"]
[EventDate "2019.01.25"]
[EventType "swiss"]
[EventRounds "5"]
[EventCountry "ITA"]
[SourceTitle "EXT 2022"]
[Source "ChessBase"]
[SourceDate "2021.10.06"]
[SourceVersion "1"]
[SourceVersionDate "2021.10.06"]
[SourceQuality "1"]

1. e4 c5 2. Nf3 d6 3. d4 cxd4 4. Nxd4 Nf6 5. Nc3 a6 6. Be3 Ng4 7. Qd2 Nxe3 8. Qxe3 e6 9. Bd3 Be7 10. 0-0 Nc6 11. Nf3 0-0 12. Rad1 Qc7 13. a3 b5 14. b4 Ne5 15. Ne2 Nxf3+ 16. Qxf3 e5 17. Rc1 Be6 18. Ng3 g6 19. Qe2 Qc3 20. Ra1 Rfc8 21. Qe1 Qc6 22. Ne2 Bf6 23. Rb1 d5 24. Nc1 d4 25. Nb3 Be7 26. f4 Bxb3 27. Rxb3 exf4 28. Rxf4 Bg5 29. Rf3 Be3+ 30. Kh1 Qe6 31. Rb1 Rc7 32. Qg3 Rac8 33. Rbf1 Qa2 34. Qg4 Qe6 35. Qxe6 fxe6 36. Rf6 Re7 37. g3 Bg5 38. R6f3 Bh6 39. Kg2 Rf8 40. Rxf8+ Bxf8 41. Ra1 Rc7 42. Kf3 Bd6 43. Ke2 Kg7 44. Kf3 Kf6 45. h4 Ke5 46. Kg2 Rc3 47. Ra2 h6 48. Ra1 Kf6 49. Rf1+ Kg7 50. Ra1 Kf6 1/2-1/2

[Event "Venice Autumn op 25th"]
[Site "Venice S Leonardo"]
[Date "2018.11.01"]
[Round "1.9"]
[White "Velluti, Alberto"]
[Black "Marson, Luca"]
[Result "1-0"]
[WhiteElo "1755"]
[BlackElo "1869"]
[PlyCount "93"]
[EventDate "2018.11.01"]
[EventType "swiss"]
[EventRounds "5"]
[EventCountry "ITA"]
[SourceTitle "EXT 2023"]
[Source "ChessBase"]
[SourceDate "2022.10.05"]
[SourceVersion "1"]
[SourceVersionDate "2022.10.05"]
[SourceQuality "1"]

1. e4 c5 2. Nf3 d6 3. d4 cxd4 4. Nxd4 Nf6 5. Nc3 a6 6. Be3 Ng4 7. Bc1 Nf6 8. Be3 Qc7 9. Be2 e6 10. 0-0 Be7 11. h3 0-0 12. Qd2 Nbd7 13. Rad1 b5 14. a3 Bb7 15. f3 Rfe8 16. Nb3 d5 17. exd5 Nxd5 18. Nxd5 Bxd5 19. Nd4 Nf6 20. Bd3 Bc4 21. Bxc4 Qxc4 22. Qd3 Rac8 23. Qxc4 Rxc4 24. c3 h6 25. Nc2 Nd5 26. Bf2 Rcc8 27. Rfe1 a5 28. Re4 Bc5 29. Bxc5 Rxc5 30. Nd4 Nf6 31. Ree1 a4 32. Kf2 g6 33. Nc2 Nd5 34. Nb4 Nxb4 35. axb4 Rcc8 36. Re5 a3 37. bxa3 Rxc3 38. Rxb5 Rxa3 39. Rd7 Raa8 40. Rbb7 Rf8 41. b5 Rab8 42. Ke3 Rxb7 43. Rxb7 Rc8 44. b6 Kf8 45. Rc7 Rb8 46. b7 Kg7 47. Kd4 1-0

[Event "Treviso Lega op-A 2nd"]
[Site "Treviso"]
[Date "2018.03.04"]
[Round "5"]
[White "Battagin, Mose"]
[Black "Marson, Luca"]
[Result "1/2-1/2"]
[WhiteElo "1803"]
[BlackElo "1873"]
[PlyCount "124"]
[EventDate "2018.03.02"]
[EventType "swiss"]
[EventRounds "5"]
[EventCountry "ITA"]
[SourceTitle "EXT 2022"]
[Source "ChessBase"]
[SourceDate "2021.10.06"]
[SourceVersion "1"]
[SourceVersionDate "2021.10.06"]
[SourceQuality "1"]

1. e4 c5 2. Nf3 Nc6 3. Bb5 Nd4 4. Nxd4 cxd4 5. 0-0 a6 6. Bc4 e6 7. d3 Qc7 8. Nd2 Nf6 9. Nf3 Ng4 10. g3 h5 11. Bf4 d6 12. Qe2 Ne5 13. Bxe5 dxe5 14. Rac1 Be7 15. c3 Qd6 16. cxd4 exd4 17. e5 Qb6 18. Bb3 Bd7 19. Nd2 Bc6 20. Ne4 Rd8 21. Bd1 Qa5 22. f4 Qxa2 23. Qg2 Bxe4 24. Qxe4 Qxb2 25. Bf3 h4 26. g4 Qd2 27. Rfe1 0-0 28. Rcd1 Qb2 29. Rb1 Qd2 30. Rbd1 Qb4 31. Rb1 Qa3 32. Rxb7 Bb4 33. Re2 Bc3 34. Kg2 Qc1 35. Kh3 Bd2 36. f5 Bg5 37. Re1 Qd2 38. Re2 Qc1 39. Re1 Qf4 40. Qxf4 Bxf4 41. Kxh4 Bxh2 42. f6 Bf4 43. g5 Rb8 44. Reb1 Rxb7 45. Rxb7 Bxe5 46. fxg7 Kxg7 47. Bh5 Kg8 48. Ra7 Bf4 49. Kg4 Be3 50. Rxa6 e5 51. Kf5 e4 52. Kxe4 Bxg5 53. Ra7 Be3 54. Kf5 Kg7 55. Rd7 Bf2 56. Rb7 Be3 57. Rd7 Bf2 58. Rb7 Be3 59. Rd7 Kh6 60. Bxf7 Kg7 61. Ke6 Kh6 62. Rd5 Kg7 1/2-1/2

[Event "Ottavi Province-ch 78th"]
[Site "Mestre"]
[Date "2018.01.27"]
[Round "3"]
[White "Marson, Luca"]
[Black "Belloni, Umberto"]
[Result "1-0"]
[WhiteElo "1897"]
[BlackElo "1715"]
[PlyCount "54"]
[EventDate "2018.01.26"]
[EventType "swiss"]
[EventRounds "5"]
[EventCountry "ITA"]
[SourceTitle "EXT 2022"]
[Source "ChessBase"]
[SourceDate "2021.10.06"]
[SourceVersion "1"]
[SourceVersionDate "2021.10.06"]
[SourceQuality "1"]

1. e4 e6 2. d3 d5 3. Nd2 Nf6 4. Ngf3 dxe4 5. dxe4 Be7 6. Bd3 g6 7. 0-0 0-0 8. Ne5 Nbd7 9. Ndf3 Nxe5 10. Nxe5 Nd7 11. Ng4 Nf6 12. Bh6 Re8 13. e5 Nxg4 14. Qxg4 c5 15. Bb5 Rf8 16. Rad1 Qc7 17. Bxf8 Bxf8 18. Qc4 Be7 19. Qf4 a6 20. Be8 f6 21. Rfe1 b5 22. Qg3 f5 23. Bxg6 hxg6 24. Qxg6+ Kf8 25. Rd3 Bh4 26. Qh6+ Qg7 27. Qxh4 Bb7 1-0

[Event "Venice Autumn op-A 23rd"]
[Site "Venice S Leonardo"]
[Date "2016.11.01"]
[Round "6.5"]
[White "Puleio, Bernardo"]
[Black "Marson, Luca"]
[Result "1/2-1/2"]
[WhiteElo "1850"]
[BlackElo "1898"]
[PlyCount "109"]
[EventDate "2016.10.29"]
[EventType "swiss"]
[EventRounds "6"]
[EventCountry "ITA"]
[SourceTitle "EXT 2023"]
[Source "ChessBase"]
[SourceDate "2022.10.05"]
[SourceVersion "1"]
[SourceVersionDate "2022.10.05"]
[SourceQuality "1"]

1. e4 c5 2. d4 cxd4 3. Nf3 Nc6 4. Nxd4 Nf6 5. Nc3 d6 6. Bc4 e6 7. Bg5 Be7 8. Bxf6 Bxf6 9. Ndb5 Be7 10. 0-0 a6 11. Nd4 0-0 12. Nxc6 bxc6 13. Qf3 Rb8 14. Rad1 Qc7 15. Rd3 d5 16. Bb3 a5 17. Qh5 Ba6 18. Rh3 h6 19. Rd1 Qf4 20. exd5 cxd5 21. a4 Bc5 22. Rf3 Qg5 23. Qxg5 hxg5 24. Rg3 Be7 25. Re1 Bf6 26. h3 Rb4 27. Rg4 Rfb8 28. Rxb4 Rxb4 29. Rd1 g4 30. hxg4 Rxg4 31. Re1 Rh4 32. g3 Rb4 33. Na2 Rb8 34. Nc3 g6 35. Rd1 Kg7 36. Re1 Rb4 37. Na2 Rb8 38. Nc3 d4 39. Ne4 d3 40. Nxf6 Kxf6 41. Rd1 Ke5 42. f4+ Kd4 43. Kf2 Kc5 44. Rd2 Rb6 45. Ke3 f6 46. Ba2 Rxb2 47. cxd3 Rxd2 48. Kxd2 e5 49. fxe5 fxe5 50. Kc3 g5 51. Be6 Bb7 52. Bd7 Ba6 53. Be8 Bc8 54. Bb5 Be6 55. Be8 1/2-1/2

[Event "Venice Autumn op-A 23rd"]
[Site "Venice S Leonardo"]
[Date "2016.10.29"]
[Round "1.4"]
[White "Marson, Luca"]
[Black "Di Lascio, Savino"]
[Result "0-1"]
[WhiteElo "1898"]
[BlackElo "1824"]
[PlyCount "110"]
[EventDate "2016.10.29"]
[EventType "swiss"]
[EventRounds "6"]
[EventCountry "ITA"]
[SourceTitle "EXT 2023"]
[Source "ChessBase"]
[SourceDate "2022.10.05"]
[SourceVersion "1"]
[SourceVersionDate "2022.10.05"]
[SourceQuality "1"]

1. e4 c6 2. d4 d5 3. f3 e6 4. Nc3 Bb4 5. Nge2 dxe4 6. fxe4 Qh4+ 7. Ng3 Nf6 8. Bd3 0-0 9. Qf3 Rd8 10. a3 Ba5 11. 0-0 Bb6 12. Be3 e5 13. Nf5 Bxf5 14. Qxf5 Bxd4 15. Bxd4 exd4 16. Ne2 Qh5 17. Nxd4 Nbd7 18. Qxh5 Nxh5 19. Nf5 Nhf6 20. Rad1 Ne5 21. h3 Rd7 22. g4 Rad8 23. g5 Nxe4 24. Rde1 Nxd3 25. Rxe4 Nc5 26. Re2 Ne6 27. h4 Nd4 28. Nxd4 Rxd4 29. Rfe1 g6 30. Re8+ Rxe8 31. Rxe8+ Kg7 32. Re7 Rxh4 33. Rxb7 Rh5 34. Rxa7 Rxg5+ 35. Kh2 Rd5 36. Kg3 Rd2 37. Rb7 Rxc2 38. a4 Rc5 39. b4 Rc3+ 40. Kg2 Ra3 41. a5 h5 42. Rc7 Ra4 43. Rb7 c5 44. bxc5 Rxa5 45. c6 Rc5 46. c7 Rc3 47. Kh2 g5 48. Ra7 Kg6 49. Rb7 f6 50. Ra7 h4 51. Rb7 g4 52. Rb4 Kg5 53. Rb5+ f5 54. Rb7 Rc2+ 55. Kg1 h3 0-1

[Event "Noale Szabados Memorial-B 5th"]
[Site "Noale"]
[Date "2012.02.05"]
[Round "4"]
[White "Marson, Luca"]
[Black "Zanirato, Stefano"]
[Result "0-1"]
[WhiteElo "1881"]
[BlackElo "1906"]
[PlyCount "82"]
[EventDate "2012.02.03"]
[EventType "swiss"]
[EventRounds "5"]
[EventCountry "ITA"]
[SourceTitle "EXT 2022"]
[Source "ChessBase"]
[SourceDate "2021.10.06"]
[SourceVersion "1"]
[SourceVersionDate "2021.10.06"]
[SourceQuality "1"]

1. e4 Nc6 2. d4 d5 3. Nc3 Nf6 4. e5 Ne4 5. Nxe4 dxe4 6. Bb5 Bd7 7. Ne2 Nxe5 8. Bxd7+ Nxd7 9. Ng3 Nf6 10. 0-0 Qd5 11. c4 Qxc4 12. Bf4 c6 13. Re1 Qd5 14. Be5 h5 15. Bxf6 gxf6 16. Nxe4 0-0-0 17. Qc2 Rg8 18. Rad1 h4 19. f3 h3 20. g3 f5 21. Nf2 f4 22. Re5 Qxf3 23. Nxh3 fxg3 24. Qf5+ Qxf5 25. Rxf5 gxh2+ 26. Kxh2 e5 27. Rxf7 Bd6 28. d5 e4+ 29. Kh1 Rh8 30. dxc6 Rxh3+ 31. Kg2 Rh2+ 32. Kf1 Rh1+ 33. Ke2 Rxd1 34. Kxd1 bxc6 35. Ke2 Bc5 36. b4 Bb6 37. a4 a5 38. bxa5 Bxa5 39. Re7 Rd4 40. Ke3 Rxa4 41. Rxe4 Rxe4+ 0-1

[Event "Venice Autumn op 16th"]
[Site "Venice"]
[Date "2010.10.31"]
[Round "3.9"]
[White "Marson, Luca"]
[Black "Capaliku, Aleks"]
[Result "0-1"]
[WhiteElo "1908"]
[BlackElo "2088"]
[PlyCount "96"]
[EventDate "2010.10.30"]
[EventType "swiss"]
[EventRounds "5"]
[EventCountry "ITA"]
[SourceTitle "EXT 2011"]
[Source "ChessBase"]
[SourceDate "2010.11.26"]
[SourceVersion "1"]
[SourceVersionDate "2010.11.26"]
[SourceQuality "1"]

1. e4 e5 2. Nf3 Nc6 3. Bb5 a6 4. Ba4 f5 5. Nc3 fxe4 6. Nxe4 b5 7. Bb3 d5 8. Nxe5 Nxe5 9. Qh5+ Ng6 10. Bxd5 Bg4 11. Bc6+ Bd7 12. Bxa8 Qxa8 13. d3 Nf6 14. Nxf6+ gxf6 15. f3 Qc6 16. c3 Qc5 17. Qxc5 Bxc5 18. d4 Bd6 19. g3 h5 20. Kf2 h4 21. Bd2 Bc6 22. b3 Bd5 23. Rab1 Kf7 24. Rbc1 Be6 25. Rce1 Ne7 26. Reg1 Nf5 27. g4 Ne7 28. g5 f5 29. Re1 Ng6 30. Re2 Nf4 31. Bxf4 Bxf4 32. Rhe1 Bd5 33. Re7+ Kg6 34. Rd7 Bd6 35. Rxd6+ cxd6 36. f4 Be4 37. c4 bxc4 38. bxc4 Rc8 39. Rc1 Bd5 40. c5 dxc5 41. dxc5 Bxa2 42. c6 Rc7 43. Rc5 Bb1 44. Ke3 Be4 45. Kd4 Rxc6 46. Rxc6+ Bxc6 47. Kc4 a5 48. Kc5 Be8 0-1

[Event "Mogliano Veneto op-B 31st"]
[Site "Mogliano Veneto"]
[Date "2010.05.02"]
[Round "4"]
[White "Guarnieri, Matteo"]
[Black "Marson, Luca"]
[Result "1/2-1/2"]
[WhiteElo "1700"]
[BlackElo "1925"]
[PlyCount "117"]
[EventDate "2010.04.30"]
[EventType "swiss"]
[EventRounds "5"]
[EventCountry "ITA"]
[SourceTitle "EXT 2023"]
[Source "ChessBase"]
[SourceDate "2022.10.05"]
[SourceVersion "1"]
[SourceVersionDate "2022.10.05"]
[SourceQuality "1"]

1. e4 c5 2. Nf3 d6 3. d4 cxd4 4. Nxd4 Nf6 5. Nc3 a6 6. Be2 e5 7. Nb3 Be7 8. 0-0 Qc7 9. Bg5 Nbd7 10. Bg4 0-0 11. Bxd7 Bxd7 12. Bxf6 Bxf6 13. Nd5 Qd8 14. Qf3 Be7 15. Rfd1 Bc6 16. Na5 Rc8 17. Qb3 Bxd5 18. Rxd5 b5 19. Qb4 Rxc2 20. g3 Qb6 21. Rf1 Qc7 22. a4 bxa4 23. Qxa4 Rb8 24. b3 Bf8 25. Nc4 Rc3 26. Na5 Rb5 27. Rxb5 axb5 28. Qa1 g6 29. Rd1 Rc2 30. Qb1 Qc5 31. Rf1 Qc3 32. Kg2 f5 33. exf5 gxf5 34. Kg1 e4 35. Qd1 Rd2 36. Qa1 Qxa1 37. Rxa1 Bg7 38. Rc1 Bd4 39. Rc6 Bxf2+ 40. Kf1 Bc5 41. Nb7 Rxh2 42. Nxc5 dxc5 43. Rxc5 Rh5 44. Rxb5 Kf7 45. g4 Rh3 46. gxf5 Rf3+ 47. Ke2 Kf6 48. b4 h5 49. Rb8 h4 50. b5 h3 51. b6 Rb3 52. Rh8 Kxf5 53. b7 Rxb7 54. Rxh3 Rb2+ 55. Ke1 Kf4 56. Kf1 Kg4 57. Rc3 Kf4 58. Rh3 Rb1+ 59. Ke2 1/2-1/2

[Event "Mogliano Veneto op-B 31st"]
[Site "Mogliano Veneto"]
[Date "2010.05.02"]
[Round "5"]
[White "Marson, Luca"]
[Black "Scian, Nicola"]
[Result "0-1"]
[WhiteElo "1925"]
[BlackElo "1689"]
[PlyCount "90"]
[EventDate "2010.04.30"]
[EventType "swiss"]
[EventRounds "5"]
[EventCountry "ITA"]
[SourceTitle "EXT 2023"]
[Source "ChessBase"]
[SourceDate "2022.10.05"]
[SourceVersion "1"]
[SourceVersionDate "2022.10.05"]
[SourceQuality "1"]

1. e4 e5 2. Nf3 Nc6 3. Bb5 a6 4. Ba4 Nf6 5. 0-0 Be7 6. Re1 b5 7. Bb3 d6 8. c3 0-0 9. h3 Nb8 10. d4 Nbd7 11. Nbd2 Bb7 12. Bc2 Re8 13. Nf1 Bf8 14. Ng3 g6 15. a4 Bg7 16. axb5 axb5 17. Rxa8 Qxa8 18. d5 Bf8 19. Nh2 c6 20. dxc6 Bxc6 21. Ng4 Nxg4 22. hxg4 Nc5 23. b4 Ne6 24. Bb3 Qb7 25. Qf3 Ra8 26. Rd1 Be7 27. Bd5 Ra1 28. Be3 Rxd1+ 29. Qxd1 Bxd5 30. exd5 Nc7 31. Nf5 gxf5 32. gxf5 Nxd5 33. Qg4+ Kh8 34. f6 Bxf6 35. Bh6 Nf4 36. f3 Ng6 37. Kh2 Bg7 38. Bg5 h6 39. Be3 Kh7 40. c4 bxc4 41. Qxc4 d5 42. Qc5 Bf8 43. Qc2 Qxb4 44. Bf2 Qc4 45. Qf5 Qf4+ 0-1

[Event "Padova Weekend op-B 8th"]
[Site "Padova"]
[Date "2005.12.11"]
[Round "3.4"]
[White "Carini, Massimo"]
[Black "Marson, Luca"]
[Result "1-0"]
[WhiteElo "2140"]
[BlackElo "1972"]
[PlyCount "71"]
[EventDate "2005.12.10"]
[EventType "swiss"]
[EventRounds "6"]
[EventCountry "ITA"]
[SourceTitle "EXT 2024"]
[Source "ChessBase"]
[SourceDate "2023.10.10"]
[SourceVersion "1"]
[SourceVersionDate "2023.10.10"]
[SourceQuality "1"]

1. e4 c5 2. Nf3 Nc6 3. c3 d5 4. exd5 Qxd5 5. d4 Nf6 6. Be2 cxd4 7. cxd4 e6 8. Nc3 Qd6 9. 0-0 Be7 10. Nb5 Qb8 11. g3 Nd5 12. Bc4 a6 13. Bxd5 axb5 14. Be4 0-0 15. Be3 Rd8 16. Qb1 g6 17. h4 e5 18. dxe5 Nxe5 19. Bf4 Nxf3+ 20. Bxf3 Qa7 21. Qe4 Be6 22. h5 Bf6 23. Be5 Bxe5 24. Qxe5 Qd4 25. Qxb5 Bc4 26. Qxb7 Bxf1 27. Rxf1 Rab8 28. Qc7 Rxb2 29. a4 Ra2 30. a5 Qd2 31. a6 Qa5 32. Qe7 Rf8 33. h6 Qxa6 34. Qe5 f6 35. Qe7 Qa7 36. Bd5+ 1-0

[Event "Padova Weekend op-B 8th"]
[Site "Padova"]
[Date "2005.12.10"]
[Round "1.20"]
[White "Boni, Gianni"]
[Black "Marson, Luca"]
[Result "0-1"]
[WhiteElo "1640"]
[BlackElo "1972"]
[PlyCount "48"]
[EventDate "2005.12.10"]
[EventType "swiss"]
[EventRounds "6"]
[EventCountry "ITA"]
[SourceTitle "EXT 2024"]
[Source "ChessBase"]
[SourceDate "2023.10.10"]
[SourceVersion "1"]
[SourceVersionDate "2023.10.10"]
[SourceQuality "1"]

1. b3 Nf6 2. Bb2 Nc6 3. Nf3 d6 4. e3 e5 5. Bb5 Bd7 6. d3 a6 7. Bxc6 Bxc6 8. Nbd2 Be7 9. Qe2 b5 10. a3 Qd7 11. h3 Bb7 12. e4 g6 13. g4 Qc6 14. 0-0-0 Nd7 15. d4 0-0 16. dxe5 dxe5 17. Nxe5 Nxe5 18. Bxe5 Bxa3+ 19. Bb2 Bxb2+ 20. Kxb2 Rfe8 21. Rhe1 a5 22. f4 a4 23. e5 a3+ 24. Ka2 Qxc2+ 0-1